Uttarākhaṇda kā itihāsa / (Record no. 82952)
[ view plain ]
| 000 -LEADER | |
|---|---|
| fixed length control field | 00636cam a2200193 a 4500 |
| 001 - CONTROL NUMBER | |
| control field | sa 68009514 |
| 003 - CONTROL NUMBER IDENTIFIER | |
| control field | DLC |
| 005 - DATE AND TIME OF LATEST TRANSACTION | |
| control field | 20260227112543.0 |
| 008 - FIXED-LENGTH DATA ELEMENTS--GENERAL INFORMATION | |
| fixed length control field | 940725m19659999ii ab 000 0 hino |
| 010 ## - LIBRARY OF CONGRESS CONTROL NUMBER | |
| LC control number | sa 68009514 //r96 |
| 040 ## - CATALOGING SOURCE | |
| Original cataloging agency | DLC |
| Transcribing agency | DLC |
| Modifying agency | DLC |
| 050 00 - LIBRARY OF CONGRESS CALL NUMBER | |
| Classification number | DS485.U63 |
| Item number | D3 |
| 100 1# - MAIN ENTRY--PERSONAL NAME | |
| Personal name | Ḍabarāla, Śivaprasāda. |
| 245 10 - TITLE STATEMENT | |
| Title | Uttarākhaṇda kā itihāsa / |
| Statement of responsibility, etc. | lekhaka Sivaprasāda Ḍabarāla 'Caraṇa' |
| 260 ## - PUBLICATION, DISTRIBUTION, ETC. | |
| Place of publication, distribution, etc. | Dogaḍā, Gaṛhavāla : |
| Name of publisher, distributor, etc. | Vīra-Gāthā-Prakāśana, |
| Date of publication, distribution, etc. | 1965-<1994 > |
| 300 ## - PHYSICAL DESCRIPTION | |
| Extent | v. <1-7, 9-13, 17 > : |
| Other physical details | ill., maps ; |
| Dimensions | 18-24 cm. |
| 546 ## - LANGUAGE NOTE | |
| Language note | In Hindi |
| 651 #0 - SUBJECT ADDED ENTRY--GEOGRAPHIC NAME | |
| Geographic name | Uttar Pradesh (India) |
| General subdivision | Antiquities. |
No items available.